| 000 | 01510nam a22003377a 4500 | ||
|---|---|---|---|
| 001 | 406 | ||
| 003 | FISKH | ||
| 005 | 20241024145751.0 | ||
| 008 | 230410b cb ||||| |||| 00| 0 eng d | ||
| 020 | _a9781250010230 | ||
| 040 |
_aDLC _cDLC _beng _dFISKH |
||
| 042 | _alcac | ||
| 050 | 0 | 0 |
_aPZ7.G15334 _bDd 2011 |
| 082 | 0 | 0 |
_a813.54 _222 |
| 100 | 1 |
_aGantos, Jack. _d1951- |
|
| 245 | 1 | 0 |
_aDead end in Norvelt / _cJack Gantos. |
| 250 | _aFirst Square Fish Edition: May 2013 | ||
| 260 |
_aNew York : _bSquare Fish. _c2013 |
||
| 300 |
_a341 pages. ; _c21 cm. |
||
| 500 | _aSequel: From Norvelt to nowhere. | ||
| 520 | _aIn the historic town of Norvelt, Pennsylvania, twelve-year-old Jack Gantos spends the summer of 1962 grounded for various offenses until he is assigned to help an elderly neighbor with a most unusual chore involving the newly dead, molten wax, twisted promises, Girl Scout cookies, underage driving, lessons from history, typewriting, and countless bloody noses. | ||
| 521 | 8 |
_a920
_bLexile |
|
| 521 | 8 |
_aU
_bRaz-Plus |
|
| 650 | 1 |
_aBehavior _vFiction. |
|
| 650 | 1 |
_aOld age _vFiction. |
|
| 650 | 1 | _aHumorous stories. | |
| 651 | 1 |
_aNorvelt (Pa.) _xHistory _y20th century _vFiction. |
|
| 906 |
_a7 _bcbc _corignew _d1 _eecip _f20 _gy-gencatlg |
||
| 942 |
_2ddc _cBK _n0 |
||
| 999 |
_c406 _d406 |
||